00766nam a2200205 a 450000100100000000500170001000800410002702000180006804000250008608200170011110000300012824500870015826000530024530000210029850000710031950000600039050400320045065000470048265000310052900001552120240506202814.0100212s2009 dr 000 0 spa d z9789945002416 aDO-SdBNPbspacBNPHU a303.4bP592r1 aPichardo Almonte, Ángel10aRevolución cotidiana :bespiritualidad y política /cÁngel Pichardo Almonte. aSanto Domingo :bEdiciones Abre los Ojos,c2009. a347 p. ;c24 cm. aIncluye datos biográficos del autor en la solapa de la cubierta. aIncluye bibliografía y notas al pie de las páginas. aBibliografía : p. 337-347 4aCambio socialxEnsayos, conferencias, etc. 0aDesarrollo de la comunidad